| 000 | 00730nam a2200157 a 4500 | ||
|---|---|---|---|
| 008 | 080925s2006 ||||||||||||||||| || u | ||
| 050 | _aISSA(05) | ||
| 110 | _aGraphic-Studio | ||
| 245 | 1 | 0 | _aResearch and development: in Sub-Saharan Africa |
| 260 |
_aDaker _bGraphic-Studio _c2006 |
||
| 300 | _a11p. :ill. | ||
| 350 | _a0.00 | ||
| 650 | _aRESEARCH AND DEVELOPMENT--PERIODICALS | ||
| 995 |
_aSPECIAL COLLECTIONS _D0.00 _eISSA(05)RD/2006 _FCBU-MAIN LIBRARY (Kitwe) _H1 _I0.00 _jISSA(05)RD/2006 _M1 _UAVAILABLE _WSep 25, 2008 _yZ03002921 _ZInternational Publications |
||
| 995 |
_aSPECIAL COLLECTIONS _D0.00 _eISSA(05)RD/2006 _FCBU-MAIN LIBRARY (Kitwe) _H1 _I0.00 _jISSA(05)RD/2006 _M2 _UAVAILABLE _WSep 25, 2008 _yZ03002923 _ZInternational Publications |
||
| 999 |
_c80135 _d80135 |
||